Bayern Munich Biggest Transfers - Statistics

General Stats
  • This quiz has been taken 332 times
  • The average score is 98 of 214
Answer Stats
% Correct
Incomings England ST Harry Kane 23/24 Tottenham Hotspur
99%
Incomings Germany GK Oliver Kahn 94/95 Karlsruher
98%
Incomings South Korea CB Kim Min-jae 23/24 Napoli
96%
Incomings Germany RW Leroy Sane 20/21 Manchester City
96%
Incomings Germany GK Manuel Neuer 11/12 Schalke
95%
Incomings Netherlands CB Matthijs de Ligt 22/23 Juventus
95%
Incomings Senegal LW Sadio Mane 22/23 Liverpool
94%
Outgoings Senegal LW Sadio Mane 23/24 Al-Nassr
94%
Incomings France CB Lucas Hernandez 19/20 Atletico Madrid
93%
Outgoings France CB Lucas Hernandez 23/24 Paris Saint-Germain
93%
Incomings Chile CM Arturo Vidal 15/16 Juventus
92%
Outgoings Chile CM Arturo Vidal 18/19 Barcelona
92%
Incomings France CB Dayot Upamecano 21/22 RB Leipzig
92%
Incomings Netherlands RW Arjen Robben 09/10 Real Madrid
91%
Incomings Germany CB Mats Hummels 16/17 Borussia Dortmund
91%
Outgoings Germany CB Mats Hummels 19/20 Borussia Dortmund
91%
Outgoings Germany CB Mats Hummels 09/10 Borussia Dortmund
91%
Incomings France CB Benjamin Pavard 19/20 Stuttgart
89%
Outgoings France CB Benjamin Pavard 23/24 Inter Milan
89%
Incomings France LW Franck Ribery 07/08 Marseille
89%
Incomings Germany AM Mario Gotze 13/14 Borussia Dortmund
89%
Outgoings Germany AM Mario Gotze 16/17 Borussia Dortmund
89%
Incomings France LW Kingsley Coman 17/18 Juventus
88%
Incomings France LW Kingsley Coman 15/16 Juventus
88%
Incomings Spain CM Thiago Alcantara 13/14 Barcelona
88%
Outgoings Spain CM Thiago Alcantara 20/21 Liverpool
88%
Outgoings Poland ST Robert Lewandowski 22/23 Barcelona
87%
Incomings Canada LB Alphonso Davies 18/19 Vancouver Whitecaps
86%
Incomings Spain DM Javi Martinez 12/13 Athletic Bilbao
85%
Incomings France CM Corentin Tolisso 17/18 Lyon
84%
Incomings Brazil RW Douglas Costa 15/16 Shakhtar Donetsk
84%
Outgoings Brazil RW Douglas Costa 18/19 Juventus
84%
Outgoings Brazil RW Douglas Costa 17/18 Juventus
84%
Incomings Germany ST Mario Gomez 09/10 Stuttgart
84%
Outgoings Germany ST Mario Gomez 13/14 Fiorentina
84%
Incomings Austria CM Marcel Sabitzer 21/22 RB Leipzig
83%
Outgoings Austria CM Marcel Sabitzer 23/24 Borussia Dortmund
83%
Incomings Croatia ST Mario Mandzukic 12/13 Wolfsburg
83%
Outgoings Croatia ST Mario Mandzukic 14/15 Atletico Madrid
83%
Incomings Germany CB Niklas Sule 17/18 Hoffenheim
82%
Incomings Netherlands CM Ryan Gravenberch 22/23 Ajax
82%
Outgoings Netherlands CM Ryan Gravenberch 23/24 Liverpool
82%
Incomings Colombia AM James Rodriguez 17/18 Real Madrid
81%
Incomings Portugal CM Renato Sanches 16/17 Benfica
81%
Outgoings Portugal CM Renato Sanches 19/20 Lille
81%
Outgoings Portugal CM Renato Sanches 17/18 Swansea City
81%
Outgoings Germany CM Toni Kroos 14/15 Real Madrid
80%
Incomings Germany CB Jerome Boateng 11/12 Manchester City
79%
Incomings Switzerland GK Yann Sommer 22/23 Borussia Monchengladbach
77%
Outgoings Switzerland GK Yann Sommer 23/24 Inter Milan
77%
Incomings France ST Mathys Tel 22/23 Rennes
75%
Incomings Germany ST Miroslav Klose 07/08 Werder Bremen
75%
Incomings Brazil CB Dante 12/13 Borussia Monchengladbach
74%
Outgoings Brazil CB Dante 15/16 Wolfsburg
74%
Incomings Morocco CB Medhi Benatia 14/15 Roma
74%
Outgoings Morocco CB Medhi Benatia 17/18 Juventus
74%
Outgoings Morocco CB Medhi Benatia 16/17 Juventus
74%
Incomings Switzerland AM Xherdan Shaqiri 12/13 Basel
74%
Outgoings Switzerland AM Xherdan Shaqiri 15/16 Inter Milan
74%
Outgoings Germany CM Bastian Schweinsteiger 15/16 Manchester United
71%
Incomings Germany RW Serge Gnabry 17/18 Werder Bremen
69%
Outgoings Germany RW Serge Gnabry 17/18 Hoffenheim
69%
Incomings Peru ST Claudio Pizarro 01/02 Werder Bremen
67%
Incomings Spain LB Juan Bernat 14/15 Valencia
67%
Outgoings Spain LB Juan Bernat 18/19 Paris Saint-Germain
67%
Incomings Brazil AM Philippe Coutinho 19/20 Barcelona
66%
Incomings Spain DM Xabi Alonso 14/15 Real Madrid
65%
Incomings Brazil CB Lucio 04/05 Bayer Leverkusen
64%
Outgoings Brazil CB Lucio 09/10 Inter Milan
64%
Incomings Croatia LM Ivan Perisic 19/20 Inter Milan
63%
Incomings Italy ST Luca Toni 07/08 Fiorentina
62%
Incomings Brazil DM Luiz Gustavo 10/11 Hoffenheim
60%
Outgoings Brazil DM Luiz Gustavo 13/14 Wolfsburg
60%
Incomings Germany DM Joshua Kimmich 15/16 Stuttgart
59%
Incomings Belgium CB Daniel Van Buyten 06/07 Hamburg
58%
Incomings Germany SS Lukas Podolski 06/07 Koln
58%
Outgoings Germany SS Lukas Podolski 09/10 Koln
58%
Incomings Netherlands ST Roy Makaay 03/04 Deportivo La Coruna
58%
Outgoings Netherlands ST Roy Makaay 07/08 Feyenoord
58%
Incomings Germany GK Sven Ulreich 15/16 Stuttgart
58%
Outgoings Denmark CM Pierre-Emile Hojbjerg 16/17 Southampton
56%
Outgoings Denmark CM Pierre-Emile Hojbjerg 15/16 Schalke
56%
Incomings Senegal RB Bouna Sarr 20/21 Marseille
55%
Incomings Spain GK Pepe Reina 14/15 Liverpool
55%
Outgoings Spain GK Pepe Reina 15/16 Napoli
55%
Incomings Brazil RB Rafinha 11/12 Genoa
54%
Incomings Germany CM Michael Ballack 02/03 Bayer Leverkusen
53%
Incomings Netherlands DM Mark van Bommel 06/07 Barcelona
52%
Outgoings England DM Owen Hargreaves 07/08 Manchester United
52%
Outgoings Netherlands ST Joshua Zirkzee 22/23 Bologna
51%
Incomings Germany DM Lothar Matthaus 92/93 Inter Milan
51%
Incomings Germany DM Lothar Matthaus 84/85 Borussia Monchengladbach
51%
Outgoings Germany DM Lothar Matthaus 88/89 Inter Milan
51%
Incomings France LB Bixente Lizarazu 97/98 Athletic Bilbao
50%
Incomings Germany ST Sandro Wagner 17/18 Hoffenheim
50%
Outgoings Germany ST Sandro Wagner 18/19 Tianjin Teda
50%
Incomings Spain DM Marc Roca 20/21 Espanyol
49%
Outgoings Spain DM Marc Roca 22/23 Leeds United
49%
Incomings Argentina CB Martin Demichelis 03/04 River Plate
49%
Outgoings Argentina CB Martin Demichelis 10/11 Malaga
49%
Outgoings United States CB Chris Richards 22/23 Crystal Palace
48%
Outgoings England LB Omar Richards 22/23 Nottingham Forest
48%
Outgoings Germany DM Sebastian Rudy 18/19 Schalke
48%
Outgoings Germany GK Alexander Nubel 23/24 Stuttgart
47%
Incomings Brazil ST Giovane Elber 97/98 Stuttgart
46%
Outgoings Brazil ST Giovane Elber 03/04 Lyon
46%
Incomings Brazil LM Ze Roberto 02/03 Bayer Leverkusen
46%
Incomings Brazil LM Ze Roberto 07/08 Nacional
46%
Incomings France CM Michael Cuisance 19/20 Borussia Monchengladbach
42%
Outgoings France CM Michael Cuisance 21/22 Venezia
42%
Incomings Israel GK Daniel Peretz 23/24 Maccabi Tel Aviv
41%
Incomings Paraguay ST Roque Santa Cruz 99/00 Olimpia
39%
Outgoings Paraguay ST Roque Santa Cruz 07/08 Blackburn Rovers
39%
Outgoings Germany DM Emre Can 13/14 Bayer Leverkusen
38%
Outgoings France CB Tanguy Nianzou 22/23 Sevilla
38%
Incomings Germany ST Jann-Fiete Arp 19/20 Hamburg
37%
Incomings Germany ST Jurgen Klinsmann 95/96 Tottenham Hotspur
36%
Outgoings Germany CM Sebastian Rode 16/17 Borussia Dortmund
36%
Incomings France RB Willy Sagnol 00/01 Monaco
36%
Incomings Brazil CB Breno 07/08 Sao Paulo
34%
Outgoings Germany ST Karl-Heinz Rummenigge 84/85 Inter Milan
34%
Incomings Ukraine DM Anatoliy Tymoshchuk 09/10 Zenit
32%
Incomings Croatia LB Danijel Pranjic 09/10 Heerenveen
32%
Incomings Germany CM Stefan Effenberg 98/99 Borussia Monchengladbach
32%
Incomings Germany CM Stefan Effenberg 90/91 Borussia Monchengladbach
32%
Outgoings Germany CM Stefan Effenberg 92/93 Fiorentina
32%
Incomings Germany CB Serdar Tasci 15/16 Spartak Moscow
31%
Incomings Germany LB Marcell Jansen 07/08 Borussia Monchengladbach
29%
Outgoings Germany LB Marcell Jansen 08/09 Hamburg
29%
Incomings Germany AM Mehmet Scholl 92/93 Karlsruher
29%
Incomings Germany ST Nils Petersen 11/12 Energie Cottbus
29%
Outgoings Germany ST Nils Petersen 13/14 Werder Bremen
29%
Incomings Denmark RW Brian Laudrup 90/91 Bayer Uerdingen
28%
Outgoings Denmark RW Brian Laudrup 92/93 Fiorentina
28%
Incomings Argentina CM Jose Sosa 07/08 Estudiantes
28%
Outgoings Argentina CM Jose Sosa 10/11 Napoli
28%
Incomings Germany DM Torsten Frings 04/05 Borussia Dortmund
28%
Outgoings Germany DM Torsten Frings 05/06 Werder Bremen
28%
Incomings Croatia DM Niko Kovac 01/02 Hamburg
27%
Incomings Sweden CB Patrik Andersson 99/00 Borussia Monchengladbach
27%
Outgoings Sweden CB Patrik Andersson 01/02 Barcelona
27%
Incomings Croatia CB Robert Kovac 01/02 Bayer Leverkusen
27%
Outgoings United States AM Malik Tillman 23/24 PSV
26%
Incomings Germany LB Andreas Brehme 86/87 Kaiserslautern
25%
Outgoings Germany LB Andreas Brehme 88/89 Inter Milan
25%
Outgoings Peru ST Paolo Guerrero 06/07 Hamburg
25%
Incomings France ST Jean-Pierre Papin 94/95 Milan
24%
Outgoings Germany LB Diego Contento 14/15 Bordeaux
23%
Incomings Germany SS Jan Schlaudraff 07/08 Alemannia Aachen
23%
Outgoings Germany SS Jan Schlaudraff 08/09 Hannover
23%
Outgoings Austria CB Marco Friedl 19/20 Werder Bremen
23%
Incomings Germany RM Sebastian Deisler 02/03 Hertha Berlin
22%
Incomings Iran ST Ali Daei 98/99 Arminia Bielefeld
21%
Outgoings Iran ST Ali Daei 99/00 Hertha Berlin
21%
Outgoings Germany ST Carsten Jancker 02/03 Udinese
21%
Outgoings Germany DM Dietmar Hamann 98/99 Newcastle United
20%
Incomings Germany CB Jurgen Kohler 89/90 Koln
20%
Outgoings Germany CB Jurgen Kohler 91/92 Juventus
20%
Incomings France CB Valerien Ismael 05/06 Werder Bremen
20%
Incomings Switzerland CM Ciriaco Sforza 95/96 Kaiserslautern
19%
Incomings Switzerland CM Ciriaco Sforza 00/01 Kaiserslautern
19%
Outgoings Switzerland CM Ciriaco Sforza 96/97 Inter Milan
19%
Outgoings Germany CB Lukas Mai 22/23 Lugano
19%
Incomings Germany RM Mario Basler 96/97 Werder Bremen
19%
Incomings Netherlands LB Edson Braafheid 09/10 Twente
18%
Incomings Brazil RW Paulo Sergio 99/00 Roma
18%
Outgoings Germany LB Paul Breitner 74/75 Real Madrid
16%
Incomings Iran ST Vahid Hashemian 04/05 Bochum
16%
Outgoings Iran ST Vahid Hashemian 05/06 Hannover
16%
Incomings Germany ST Alexander Zickler 93/94 Dynamo Dresden
15%
Incomings Austria AM Andreas Herzog 95/96 Werder Bremen
15%
Outgoings Austria AM Andreas Herzog 96/97 Werder Bremen
15%
Incomings Germany CB Thomas Helmer 92/93 Borussia Dortmund
15%
Outgoings Germany LM Christian Ziege 97/98 Milan
14%
Outgoings Germany CB Jan Kirchhoff 15/16 Sunderland
14%
Outgoings Turkey AM Mehmet Ekici 11/12 Werder Bremen
12%
Incomings Germany LB Michael Tarnat 97/98 Karlsruher
12%
Incomings Germany LW Sinan Kurt 14/15 Borussia Monchengladbach
12%
Incomings Germany LB Tobias Rau 03/04 Wolfsburg
12%
Outgoings Germany AM Alexander Baumjohann 09/10 Schalke
11%
Incomings Germany CM Olaf Thon 88/89 Schalke
11%
Outgoings Germany CM Olaf Thon 94/95 Schalke
11%
Incomings Colombia ST Adolfo Valencia 93/94 Independiente Santa Fe
10%
Outgoings Colombia ST Adolfo Valencia 94/95 Atletico Madrid
10%
Incomings Brazil RB Jorginho 92/93 Bayer Leverkusen
10%
Outgoings Brazil RB Jorginho 94/95 Kashima Antlers
10%
Incomings Germany RB Andreas Gorlitz 04/05 1860 Munich
9%
Incomings Paraguay CM Julio dos Santos 05/06 Cerro Porteno
9%
Incomings Germany RM Stefan Reuter 88/89 Nuremberg
9%
Outgoings Germany RM Stefan Reuter 91/92 Juventus
9%
Incomings Germany DM Thomas Strunz 95/96 Stuttgart
9%
Incomings Germany DM Thorsten Fink 97/98 Karlsruher
9%
Outgoings Guinea DM Pablo Thiam 02/03 Wolfsburg
8%
Outgoings Germany AM Piotr Trochowski 04/05 Hamburg
8%
Incomings Switzerland LM Alain Sutter 94/95 Nuremberg
7%
Outgoings Switzerland LM Alain Sutter 95/96 Freiburg
7%
Incomings Scotland ST Alan McInally 89/90 Aston Villa
6%
Outgoings Germany ST Bruno Labbadia 94/95 Koln
6%
Incomings Germany CB Oliver Kreuzer 91/92 Karlsruher
6%
Incomings Netherlands DM Jan Wouters 91/92 Ajax
5%
Incomings Germany RM Michael Sternkopf 90/91 Karlsruher
5%
Outgoings Germany ST Roland Wohlfarth 93/94 Saint-Etienne
5%
Incomings Germany CB Thomas Berthold 91/92 Roma
5%
Incomings Sweden ST Johnny Ekstrom 88/89 Empoli
4%
Outgoings Sweden ST Johnny Ekstrom 89/90 Cannes
4%
Incomings Brazil ST Mazinho 91/92 Bragantino
4%
Incomings Germany RM Michael Wiesinger 99/00 Nuremberg
4%
Outgoings Bosnia ST Radmilo Mihajlovic 90/91 Schalke
4%
Incomings Germany RB Roland Grahammer 88/89 Nuremberg
4%
Outgoings Germany AM Hans Dorfner 90/91 Nuremberg
3%
Outgoings Germany DM Manfred Schwabl 93/94 Nuremberg
3%
Incomings Germany ST Marcel Witeczek 93/94 Kaiserslautern
3%
Incomings Germany LB Markus Munch 96/97 Bayer Leverkusen
3%
Outgoings Germany AM Markus Schupp 95/96 Eintracht Frankfurt
2%
No matching quizzes found
Score Distribution
Percent of People with Each Score
Percentile by Number Answered
Your Score History
You have not taken this quiz